| 000 | 00756cam a22002295a 4500 | ||
|---|---|---|---|
| 001 | L157586 | ||
| 008 | 130129s2011 xxk f 000 0 eng d | ||
| 020 | _a9781848061903 | ||
| 035 | _a(Sirsi) u157586 | ||
| 041 | 0 | _aeng | |
| 100 | 1 | _aDoran, Daniel | |
| 245 | 0 | 0 | _aCarbon Footprinting and labelling of construction products |
| 260 |
_aWatford _bBRE _c2011 |
||
| 300 |
_a12p. _bill. _c30cm. |
||
| 490 | 0 |
_aBRE Information Paper _v(5/11) |
|
| 520 | _aDefines the terms 'carbon footprinting' and 'carbon labelling' in the context of construction products, and outlines the life -cycle assessment (LCA) principles that underpin them. | ||
| 521 | _aAdvanced | ||
| 590 | _aKA | ||
| 651 | 4 | _aENGLAND AND WALES | |
| 700 | 1 | _aAnderson, Jane | |
| 942 | _n0 | ||
| 999 |
_c114855 _d114855 |
||